| Tag |
First Indicator |
Second Indicator |
Subfields |
| LEADER |
00000cam a2200000 a 4500 |
| 001 |
in00000091682 |
| 005 |
20150923131731.0 |
| 008 |
771213s1977 ctu b 00010 eng d |
| 035 |
|
|
|a (OCoLC)03487142
|
| 035 |
|
|
|9 AAK7013AM
|
| 040 |
|
|
|a MEU
|c MEU
|d m.c.
|d TXA
|d UtOrBLW
|
| 049 |
|
|
|a TXAM
|c [1482219]
|
| 090 |
|
|
|a HD9757 M2
|b F3
|
| 100 |
1 |
|
|a Falk, Jonathan.
|
| 245 |
1 |
4 |
|a The organization of pulpwood harvesting in Maine /
|c by Jonathan Falk.
|
| 264 |
|
1 |
|a New Haven, Conn. :
|b Yale University School of Forestry and Environmental Studies,
|c 1977.
|
| 300 |
|
|
|a 68 pages ;
|c 29 cm.
|
| 336 |
|
|
|a text
|b txt
|2 rdacontent
|
| 337 |
|
|
|a unmediated
|b n
|2 rdamedia
|
| 338 |
|
|
|a volume
|b nc
|2 rdacarrier
|
| 490 |
1 |
|
|a Working paper / School of Forestry & Environmental Studies, Yale University ;
|v no. 4
|
| 504 |
|
|
|a Bibliography: pages 67-68.
|
| 650 |
|
0 |
|a Logging
|z Maine.
|
| 650 |
|
0 |
|a Pulpwood industry
|z Maine.
|
| 710 |
2 |
|
|a Yale University.
|b School of Forestry and Environmental Studies.
|
| 830 |
|
0 |
|a Working paper (Yale University. School of Forestry and Environmental Studies) ;
|v no. 4.
|
| 999 |
|
|
|a MARS
|
| 999 |
f |
f |
|s a0b8ab8c-1d2a-3faf-b049-44a31805c4c4
|i 7f72c291-f822-377d-a9fe-7f18308465fe
|t 0
|
| 952 |
f |
f |
|p ric
|a Texas A&M University
|b Rellis Campus
|c Joint Library Facility
|d Remote Storage
|t 0
|e HD9757 M2 F3
|h Library of Congress classification
|i unmediated -- volume
|m A14806019321
|
| 998 |
f |
f |
|a HD9757 M2 F3
|t 0
|l Remote Storage
|